000 00463nam a2200205Ia 4500
001 13459
003 GE_BSU
008 181216s||||||||xx |||||||||||||| ||und||
020 _a0340335017
040 _cGE_BSU
080 _a821.111-3
100 _aKeneally,Thomas.
245 _aSchindler's ark.
260 _aLondon.
260 _bCoronet Books.Hodder and Stoughton.
260 _c1982
300 _a401p;19cm.
653 _aSchindler's ark.
942 _cBK
999 _c46619
_d46619